000 00905cab a2200265 4500
001 ABS48920
008 090401t1993 xxu||||| |||| 00| 0 eng d
035 _a(Sirsi) u69138
041 _aeng
245 _aTeesside builds fast-track college
260 _c1993
350 _a0
490 _aArchitects` Journal
_v198(1) 7 July 1993, 29-41(12)
520 _aA building study on the first newly-built university in the UK for 20 years, with accounts from client, occupier, architect, engineer and contracter, beside specifications, drawings and summary of costs.
650 _aBUILT ENVIRONMENT-BUILDING COSTS
650 _aBUILDING PROJECTS
650 _aCOST ANALYSIS
650 _aDESIGN AND MANAGE
650 _aEDUCATION BUILDINGS
650 _aTEESSIDE
650 _aUNIVERSITY COLLEGE STOCKTON
690 _aBUILDING AND CONSTRUCTION-PROJECTS
942 _n0
948 _c04/03/1997
999 _c43430
_d43430